| 000 | 01916nmc a2200445 a 4500 | ||
|---|---|---|---|
| 003 | AR-BaBNM | ||
| 005 | 20251128210605.0 | ||
| 008 | 140020s1997 ||||||||||||||000 | spa|| | ||
| 020 | _a84-369-2991-8 | ||
| 040 | _cAR-BaBNM | ||
| 245 | 1 | 0 |
_aLa tierra en el universo _bel sistema solar |
| 260 |
_aMadrid _bMinisterio de Educacion y Ciencia (España) _bMinisterio de Cultura y Educación (Argentina) _bMinisterio de Educación (Cuba) _bMinisterio de Educación (Venezuela) _bUniversidad Nacional de Educación a Distancia _bUniversidad Autónoma de Barcelona _c1997 |
||
| 300 |
_a88 p. _btablas, gráfs. _evideo |
||
| 490 | 0 |
_aCurso de formación de profesores de ciencias. V Estudio de algunos sistemas materiales: la tierra como medio físico de la biosfera _vv. 1 |
|
| 500 | _aEste material forma parte del curso de enseñanza a distancia para la Televisión Educativa Iberoamericana. Se compone de 29 unidades didácticas que constan de un material impreso y de un programa audiovisual. Solicitar en MEDIATECA videos de Forciencias | ||
| 500 | _aContiene referencias bibliográficas | ||
| 610 | 2 | 4 | _aAsociación de Televisión Educativa Iberoamericana |
| 650 | 4 | _aACTIVIDADES DE APRENDIZAJE | |
| 650 | 4 | _aMETODOS DE ENSENANZA | |
| 650 | 4 | _aBIOSFERA | |
| 650 | 4 | _aCIENCIAS DE LA TIERRA | |
| 650 | 4 | _aSISTEMA SOLAR | |
| 651 | 4 | _aEspaña | |
| 653 | _aENSENANZA DE LAS CIENCIAS NATURALES | ||
| 653 | _aFORMACION DOCENTE CONTINUA | ||
| 653 | _aTERCER CICLO DE LA EGB | ||
| 653 | _aSEGUNDO CICLO DE LA EGB | ||
| 653 | _aEDUCACION SECUNDARIA | ||
| 653 | _aUNIDADES DIDACTICAS | ||
| 700 | 1 | _aAssenza Parisi, Graciela | |
| 700 | 1 | _aLacreu, Héctor | |
| 700 | 1 | _aRela, Agustín | |
| 700 | 1 | _aSalinas, Julia | |
| 700 | 1 | _aSargorodoschi, Ana | |
| 700 | 1 | _aThiel, Inge | |
| 700 | 1 |
_aBulwik, Marta _ecoordinador |
|
| 700 | 1 |
_aPerazzo, Mónica _ecoordinador |
|
| 942 | _cBK | ||
| 998 | _cRaquel | ||
| 999 |
_c16070 _d16070 |
||